Moslem architecture, its origins and development / (Record no. 76673)
[ view plain ]
| 000 -LEADER | |
|---|---|
| fixed length control field | 00983nam a2200277 a 4500 |
| 001 - CONTROL NUMBER | |
| control field | 76673 |
| 003 - CONTROL NUMBER IDENTIFIER | |
| rucl marc code | BD-RjUL |
| 005 - DATE AND TIME OF LATEST TRANSACTION | |
| control field | 20211209082854.0 |
| 008 - FIXED-LENGTH DATA ELEMENTS--GENERAL INFORMATION | |
| fixed length control field | 200101r19751918nyua b 001 0 eng |
| 020 ## - INTERNATIONAL STANDARD BOOK NUMBER | |
| International Standard Book Number | 0878171363 |
| 035 ## - SYSTEM CONTROL NUMBER | |
| System control number | (BD-RjUL)76897 |
| 040 ## - CATALOGING SOURCE | |
| Original cataloging agency | DLC |
| Transcribing agency | DLC |
| Modifying agency | DLC |
| -- | BD-RjUL |
| Language of cataloging | eng |
| 041 1# - LANGUAGE CODE | |
| Language code of text/sound track or separate title | engita |
| 082 00 - DEWEY DECIMAL CLASSIFICATION NUMBER | |
| Edition number | 23 |
| Classification number | 720.91767 |
| Author mark and year | RIM 1975 |
| 100 1# - MAIN ENTRY--PERSONAL NAME | |
| Personal name | Rivoira, Giovanni Teresio, |
| Dates associated with a name | 1849-1919. |
| 9 (RLIN) | 237272 |
| 245 10 - TITLE STATEMENT | |
| Title | Moslem architecture, its origins and development / |
| Statement of responsibility, etc. | by G. T. Rivoira ; translated from the Italian by G. McN. Rushforth. |
| 260 ## - PUBLICATION, DISTRIBUTION, ETC. (IMPRINT) | |
| Place of publication, distribution, etc. | New York : |
| Name of publisher, distributor, etc. | Hacker Art Books, |
| Date of publication, distribution, etc. | 1918 [reissued1975] |
| 300 ## - PHYSICAL DESCRIPTION | |
| Pagination | xvii, 383 p. : |
| Illustrations | ill. ; |
| Size | 29 cm. |
| 500 ## - GENERAL NOTE | |
| General note | Translation of Architettura musulmana. |
| General note | "First published 1918 by Oxford University Press, London." |
| 504 ## - BIBLIOGRAPHY, ETC. NOTE | |
| Bibliography, etc | Includes bibliographical references and indexes. |
| 650 #0 - SUBJECT ADDED ENTRY--TOPICAL TERM | |
| Topical term or geographic name as entry element | Islamic architecture. |
| 9 (RLIN) | 237273 |
| 942 ## - ADDED ENTRY ELEMENTS (KOHA) | |
| Source of classification or shelving scheme | Dewey Decimal Classification |
| Koha item type | Books |
| Lost status | Source of classification or shelving scheme | Damaged status | Not for loan | Collection code | Permanent Location | Current Location | Shelving location | Date acquired | Source of acquisition | Cost, normal purchase price | Total Checkouts | Full call number | Date last seen | Copy number | Koha item type |
|---|---|---|---|---|---|---|---|---|---|---|---|---|---|---|---|
| Dewey Decimal Classification | Not For Loan | Non-fiction | Central Library, University of Rajshahi | Central Library, University of Rajshahi | Reading Room | 15/11/1980 | Heffers | 20.00 | 720.91767 RIM 1975 | 01/01/2020 | C-1 | Books |